Výskumné metódy BBDO slúžia na pozicionovanie značiek

Práca siete reklamných agentúr BBDO. Výskumné metódy siete. Spracúvanie výskumov imidžu značiek. Sondy do predstáv spotrebiteľov. Zavádzanie nových produktov a vytváranie nových značiek. Kombinácia výskumných metód.

Guardado en:
Detalles Bibliográficos
Autor principal: Žiačiková, B.
Formato: Capítulo de libro
Lenguaje:eslovaco
Materias:
Etiquetas: Agregar Etiqueta
Sin Etiquetas, Sea el primero en etiquetar este registro!

MARC

LEADER 00000naa a2200000 4500
001 r022046
005 20230921075115.2
041 0 |a slo 
044 |a SK 
245 1 0 |a Výskumné metódy BBDO slúžia na pozicionovanie značiek  |c B. Žiačiková 
520 |a Práca siete reklamných agentúr BBDO. Výskumné metódy siete. Spracúvanie výskumov imidžu značiek. Sondy do predstáv spotrebiteľov. Zavádzanie nových produktov a vytváranie nových značiek. Kombinácia výskumných metód. 
610 2 0 |a reklama 
610 2 0 |a agentúry 
610 2 0 |a BBDO 
610 2 0 |a značky výrobné 
610 2 0 |a imidž 
610 2 0 |a výskum trhu 
610 2 0 |a spotrebitelia 
610 2 0 |a výrobky nové 
100 1 |a Žiačiková, B.